Normal view MARC view
  • Khinvasara S (2k71052)

Entry Personal Name

Number of records used in: 1

001 - CONTROL NUMBER

  • control field: 102250

003 - CONTROL NUMBER IDENTIFIER

  • control field: OSt

005 - DATE AND TIME OF LATEST TRANSACTION

  • control field: 20221007215926.0

008 - FIXED-LENGTH DATA ELEMENTS

  • fixed length control field: 221007|| aca||aabn | a|a d

040 ## - CATALOGING SOURCE

  • Original cataloging agency: OSt
  • Transcribing agency: OSt

100 ## - HEADING--PERSONAL NAME

  • Personal name: Khinvasara S (2k71052)

670 ## - SOURCE DATA FOUND

  • Source citation: Work cat.: (OSt)69412: Khinvasara S (2k71052), Study of Health and Safety Management, 2009